00644nam a2200193 i 4500001000700000003000900007007000300016008004100019020001800060100002700078245010800105250001500213260003500228300003000263490004600293650003300339830004600372852003200418130508ES-MaACLt|070731s1985 sp ||||1| spa d a84-320-5835-11 aZaragoza, Cristóbal.10aActa de defunción b: una reflexión sobre la violencia de los españoles / cCristóbal Zaragoza. a[1ª ed.]. aBarcelona : bPlaneta, c1985. a185 p. : bil. ; c24 cm.1 aEspejo de España. Serie La guerra civil14aViolencia-zEspaña-yS.XX.0 aEspejo de España. Serie La guerra civil aES-MaACLjL-7727 bR.108335